<?xml version="1.0" encoding="UTF-8"?><?xml-stylesheet type="text/xsl" href="static/style.xsl"?><OAI-PMH xmlns="http://www.openarchives.org/OAI/2.0/" xmlns:xsi="http://www.w3.org/2001/XMLSchema-instance" xsi:schemaLocation="http://www.openarchives.org/OAI/2.0/ http://www.openarchives.org/OAI/2.0/OAI-PMH.xsd"><responseDate>2026-04-14T05:45:53Z</responseDate><request verb="GetRecord" identifier="oai:www.recercat.cat:2072/262077" metadataPrefix="marc">https://recercat.cat/oai/request</request><GetRecord><record><header><identifier>oai:recercat.cat:2072/262077</identifier><datestamp>2025-03-11T16:33:15Z</datestamp><setSpec>com_2072_220028</setSpec><setSpec>com_2072_4427</setSpec><setSpec>col_2072_479371</setSpec></header><metadata><record xmlns="http://www.loc.gov/MARC21/slim" xmlns:dcterms="http://purl.org/dc/terms/" xmlns:xsi="http://www.w3.org/2001/XMLSchema-instance" xmlns:doc="http://www.lyncode.com/xoai" xsi:schemaLocation="http://www.loc.gov/MARC21/slim http://www.loc.gov/standards/marcxml/schema/MARC21slim.xsd">
   <leader>00925njm 22002777a 4500</leader>
   <datafield ind2=" " ind1=" " tag="042">
      <subfield code="a">dc</subfield>
   </datafield>
   <datafield ind2=" " ind1=" " tag="720">
      <subfield code="a">Lasheras González, Ada</subfield>
      <subfield code="e">author</subfield>
   </datafield>
   <datafield ind2=" " ind1=" " tag="260">
      <subfield code="c">2015</subfield>
   </datafield>
   <datafield ind2=" " ind1=" " tag="520">
      <subfield code="a">Les intervencions arqueològiques realitzades, l’any 2009, al carrer sant Antoni Maria Claret de la ciutat de Tarragona, van posar al descobert una zona funerària d’època romana amb un llarg període d’ús (segles i a iii  dC.). Entre les restes arqueològiques trobades destaca una petita peça d’os figurada (6,1 x 2,7 x 4,7 cm), que representa un cap humà amb trets animals. L’anàlisi iconogràfic ens ha permès identificar aquest personatge amb el déu d’origen grec Pan. A nivell funcional, cal relacionar aquesta peça amb el seu context arqueològic, un espai funerari emprat com a ustrinum . Així, donades les seves característiques morfològiques i la seva iconografia, vinculada al culte dionisíac, proposem que aquesta peça formaria part de la decoració d’un llit funerari.</subfield>
   </datafield>
   <datafield ind2=" " ind1=" " tag="520">
      <subfield code="a">The archaeological interventions carried out in 2009 at the “sant Antoni Maria Claret” street, in the city of Tarragona, discovered an ancient burial area, used for a long period of time (1st to 3rd centuries A.D.). Among the findings, a little bone artefact was recovered (6,1 x 2,7 x 4,7 cm), which represent a human head with some animal features. The iconographic analyses allowed us to identify this character with the Greek god Pan. In functional terms, this artefact should be related to its archaeological context, a burial area used as an ustrinum. Moreover, its morphological characteristics, as well as its iconography, related with the cult of Dionysios, lead us to propose that this artefact was part of the decoration of a burial bed.</subfield>
   </datafield>
   <datafield ind1="8" ind2=" " tag="024">
      <subfield code="a">Lasheras, A. (2015) "Pan i el funus romanum. Estudi d’una peça d’os d’un llit funerari trobada al suburbi septentrional de Tarraco", Butlletí Arqueològic, V, 34-35 (2012-2013), p. 133-151</subfield>
   </datafield>
   <datafield ind1="8" ind2=" " tag="024">
      <subfield code="a">http://hdl.handle.net/2072/262077</subfield>
   </datafield>
   <datafield ind2="0" ind1="0" tag="245">
      <subfield code="a">Pan i el funus romanum. Estudi d'una peça d'os d'un llit funerari trobada al suburbi septentrional de Tarraco</subfield>
   </datafield>
</record></metadata></record></GetRecord></OAI-PMH>